Observações sobre as principaes causas da decadencia dos portuguezes na Asia / (Record no. 153319)
[ view plain ]
| 000 -LEADER | |
|---|---|
| campo de control de longitud fija | 01076nam a2200229 i 4500 |
| 001 - NÚMERO DE CONTROL | |
| campo de control | 153319 |
| 003 - IDENTIFICADOR DE NÚMERO DE CONTROL | |
| campo de control | ES-MaACL |
| 005 - FECHA Y HORA DE LA ÚLTIMA TRANSACCIÓN | |
| campo de control | 20230906205154.0 |
| 008 - DATOS DE LONGITUD FIJA--INFORMACIÓN GENERAL | |
| campo de control de longitud fija | 980520s1790 po |||| | por d |
| 100 1# - ENTRADA PRINCIPAL--NOMBRE DE PERSONA | |
| Nombre de persona | Couto, Diogo do. |
| 9 (RLIN) | 41324 |
| 245 10 - MENCIÓN DEL TÍTULO | |
| Título | Observações sobre as principaes causas da decadencia dos portuguezes na Asia / |
| Mención de responsabilidad, etc. | escritas por Diogo do Couto em forma de dialogo com o titulo de Soldado pratico; publicadas de ordem da Academia Real das Sciencias de Lisboa por Antonio Caetano do Amaral. |
| 260 ## - PUBLICACIÓN, DISTRIBUCIÓN, ETC. | |
| Lugar de publicación, distribución, etc. | Lisboa : |
| Nombre del editor, distribuidor, etc. | na offic. da Acad. Real das Sciencias, |
| Fecha de publicación, distribución, etc. | 1790. |
| 300 ## - DESCRIPCIÓN FÍSICA | |
| Extensión | III-XIV, [2], 161, 110 p. ; |
| Dimensiones | 8º. |
| 530 ## - NOTA DISPONIBLE DE FORMULARIO FÍSICO ADICIONAL | |
| Nota de formato físico adicional disponible | Disponible en formato digital. |
| 597 ## - NOTA DE DESCRIPCIÓN FÍSICA | |
| NOTA DE DESCRIPCIÓN FÍSICA | Sign.: []7, A-R8. |
| 650 #4 - PUNTO DE ACCESO ADICIONAL DE MATERIA--TÉRMINO DE MATERIA | |
| Término de materia o nombre geográfico como elemento de entrada | Portugueses- |
| Subdivisión geográfica | India. |
| 9 (RLIN) | 146749 |
| 651 #4 - PUNTO DE ACCESO ADICIONAL DE MATERIA--NOMBRE GEOGRÁFICO | |
| Nombre geográfico | India- |
| Subdivisión general | Historia- |
| Subdivisión cronológica | 1526-1765. |
| 9 (RLIN) | 163997 |
| 700 1# - ENTRADA AGREGADA--NOMBRE PERSONAL | |
| Nombre de persona | Amaral, Antonio Caetano do. |
| 9 (RLIN) | 21113 |
| 710 2# - ENTRADA AGREGADA--NOMBRE DE ENTIDAD CORPORATIVA | |
| Nombre de entidad corporativa o nombre de jurisdicción como elemento de entrada | Academia das Ciências de Lisboa. |
| 9 (RLIN) | 1159 |
| 852 ## - LOCALIZACIÓN | |
| Ubicación | ES-MaACL |
| Número de control de estantería | R-1073 |
| Nota libre | - Enc. pasta española |
| Encuadernación | Olim: G-9160 |
| 856 ## - LOCALIZACIÓN Y ACCESO ELECTRÓNICOS | |
| Identificador Uniforme de Recursos | <a href="http://purl.pt/29505#dcId=1557159687866&p=1 ">http://purl.pt/29505#dcId=1557159687866&p=1 </a> |
| Nota pública | Biblioteca Nacional de Portugal |
| Estatus retirado | Estado de pérdida | Estado de daño | No para préstamo | Colección | Biblioteca de origen | Biblioteca actual | Ubicación en estantería | Fecha de adquisición | Fuente de adquisición | Total de préstamos | Signatura topográfica completa | Código de barras | Visto por última vez | Precio de reemplazo | Tipo de ítem Koha |
|---|---|---|---|---|---|---|---|---|---|---|---|---|---|---|---|
| Colección digital | Biblioteca del Ateneo de Madrid | Biblioteca del Ateneo de Madrid | Depósito | 17/01/2008 | R-1073 | 1160227 | 23/02/2023 | 23/02/2023 | Libro impreso antiguo |
